Hospitals and health centres : construction and design manual Vol.01 (Record no. 12098)

000 -LEADER
fixed length control field 00310 a2200121 4500
008 - FIXED-LENGTH DATA ELEMENTS--GENERAL INFORMATION
fixed length control field 240117b ||||| |||| 00| 0 eng d
020 ## - INTERNATIONAL STANDARD BOOK NUMBER
International Standard Book Number 9789810731403
082 ## - DEWEY DECIMAL CLASSIFICATION NUMBER
Classification number 725.51
100 ## - MAIN ENTRY--PERSONAL NAME
Personal name Meuser
245 ## - TITLE STATEMENT
Title Hospitals and health centres : construction and design manual Vol.01
260 ## - PUBLICATION, DISTRIBUTION, ETC. (IMPRINT)
Name of publisher, distributor, etc RHED
942 ## - ADDED ENTRY ELEMENTS (KOHA)
Source of classification or shelving scheme
Holdings
Withdrawn status Lost status Source of classification or shelving scheme Damaged status Koha normalized classification for sorting Not for loan Permanent location Current location Date acquired Source of acquisition Cost, normal purchase price Full call number Barcode Date last seen Cost, replacement price Price effective from Koha item type
        725_510000000000000   BMS College of Architecture, Design and Planning BMS College of Architecture, Design and Planning 2024-01-17 10 3591.00 725.51 AR-UG3381 2024-01-17 5130.00 2024-01-17 UG Books
Copyright © 2025, The Librarian, Library and Information Centre, BMSCA D&P, Bengaluru. All Rights Reserved
web counter

Powered by Koha